000
00408nam a22001697a 4500
003
MPLRDC
005
20220104123709.0
008
210129b ||||| |||| 00| 0 eng d
082
_a
428 ZJZM
100
_a
浙江少年儿童出版社编
245
_a
育儿大全
_c
250
_a
一版三刷
260
_a
_b
浙江少年儿童出版社
_c
1987
300
_b
平
650
_a
942
_c
BK
_o
428 ZJZM
999
_c
13475
_d
13465